| 000 | 01321aam a2200325 i 4500 | ||
|---|---|---|---|
| 999 |
_c45776 _d45776 |
||
| 001 | 768714001 | ||
| 003 | CO-MdFUSB | ||
| 005 | 20201021114528.0 | ||
| 007 | ta | ||
| 008 | 200513t1939 enk |||| |||| 00| 0 eng d | ||
| 020 | _a[No incluye ISBN] | ||
| 040 |
_bspa. _aCO-MdFUSB _cCO-MdFUSB _dCO-MdFUSBC _erda |
||
| 041 | _aeng | ||
| 082 |
_223 _a228.07 _bB947 |
||
| 100 |
_aBurch, Vacher. _eautor |
||
| 245 | 1 | 0 |
_aAnthropology and the apocalypse : _ban interpretation of "The Book of the Revelation" in relation to the archaeology, folklore, and religious literature and ritual of the near east. _c/ Vacher Burch |
| 264 | 1 |
_aLondon : _bMacmillan and Co. Limited, _c[1939] |
|
| 264 | 4 | _c© 1939 | |
| 300 |
_a253 páginas _c; 23 cm |
||
| 336 |
_atexto _btxt _2rdacontent |
||
| 337 |
_2rdamedia _asin mediación _bn |
||
| 338 |
_2rdacarrier _avolumen _bnc |
||
| 505 | _aEl nuevo enfoque de la gran figura y 'día' del libro - Los seres vivos, el trono y la sinagoga - La mujer y el niño, la mujer en púrpura y Armagedón - Los mil años, la nueva ciudad y una nueva tierra - Una representación fresca del libro de John | ||
| 563 | _aPasta dura | ||
| 630 | 0 | 7 |
_aBiblia. _pNuevo Testamento |
| 630 | 7 |
_aBiblia. _pHechos _xCrítica, interpretación, etc. |
|
| 942 | _cBK | ||
| 945 | _aJTF-925 | ||